000 02194nam0a2200457 4500
001 RU\NLR\BIBL_A\022360770
005 20250725141436.0
010 _a978-5-00155-692-3
_91200
021 _aRU
_bКН-П-24-052997
_9КН-П-24-5273
035 _a(NLR Aleph) 022360770
090 _a13327018
_c13327018
100 _a20241022d2024 u y0rusy50 ca
101 0 _arus
102 _aRU
105 _abca z 000yd
181 0 _ai
_baxxe
182 0 _an
200 1 _aРжев 42/43
_eот "Марса" до "Бюффеля"
_fМ. В. Фоменко, В. С. Карасев, А. В. Исаев [и др.]
_gпод общей редакцией А. В. Драбкина
203 _aТекст
_bвизуальный
_cнепосредственный
210 _aМосква
_cЯуза-каталог
_d2024
215 _a644, [1] с., [34] л. карт.
_cпортр., табл.
_d24
320 _aБиблиогр. в подстроч. примеч. в конце гл.
320 _aАлф. указ. в конце кн.
333 _a16+
606 1 _aРжевско-Сычёвская операция
_z1942
_92440995
_3RU\NLR\AUTH\661452165
606 1 _aРжевская наступательная операция
_z1943
_92208735
_3RU\NLR\AUTH\661326919
686 1 _aЦ35(2)722.316
686 1 _aТ3(2)722.12
686 1 _aТ3(2)722.112.7
686 1 _aЦ35(2)722.236
701 1 _aФоменко
_bМ. В.
_gМаксим Викторович
701 1 _aКарасев
_bВ. С.
_gВасилий Степанович
701 1 _7ca
_8rus
_aИсаев
_bА. В.
_cписатель, историк
_f1974-
_gАлексей Валерьевич
_942122
_3RU\NLR\AUTH\7759190
702 1 _7ca
_8rus
_aДрабкин
_bА. В.
_f1971-
_gАртем Владимирович
_978418
_3RU\NLR\AUTH\7795492
856 4 _lVNP_SKP
_tVIEW
_uhttps://webservices.nlr.ru/viewer/file?name=a022360770_002.txt
_yАннотация
856 4 1 _lVNP_SKP
_tVIEW
_uhttps://webservices.nlr.ru/viewer/file?name=t022360770_001.jpeg
_yОбложка
942 _cBOOK
980 4 _aVNP_SKP
980 _aNB